000 00767cab a2200265 4500
001 ABS49024
008 090401t1993 xxu||||| |||| 00| 0 eng d
035 _a(Sirsi) u69543
041 _aeng
100 _aChydizik, M.Z.
245 4 _aThe shape of things to come
260 _c1993
350 _a0
490 _aEstates Voice
_v(7) 25 July 1993, 1(1)
520 _aAssesses the effect the imposition of VAT on commercial rents will have on the Polish property market.
650 _aCOMMERCIAL RENTS
650 _aEASTERN EUROPE
650 _aPOLAND
650 _aPROPERTY MARKET
650 _aVALUE ADDED TAX
690 _aPROPERTY-COMMERCIAL PROPERTY-COMMERCIAL PROPERTY MARKET
690 _aOVERSEAS-EUROPE
942 _n0
948 _c04/03/1997
999 _c43683
_d43683